000
00291nam a2200121Ia 4500
008
190216s9999||||xx |||||||||||||| ||und||
100
_a
Brijilal And Subrahmanyam N
245
0
_a
Properties Of Matter
260
_b
Eurasia Pub-Ltd
_c
1999
300
_a
441p
650
_a
Physics
942
_c
BK
999
_c
32982
_d
32982